Statistiques concernant Sondage: Quelle matière est votre point faible ?

Cliquez ici pour prendre le quiz!

Statistiques générales

  • Ce quiz a été pris 128 fois
  • Le résultat moyen est 6 sur 16

Statistiques - réponses

NomRéponsesMa réponse% Correct
AMathématiquesA
61%
BPhysiqueB
48%
CChimieC
45%
DTechnologie/Science de l'ingénieurD
38%
EInformatiqueE
36%
GLangue étrangère (anglais, espagnol, allemand...)G
36%
OArtsO
36%
MSportM
35%
FFrançaisF
34%
JGéographieJ
34%
KPhilosophieK
34%
IHistoireI
32%
NMusiqueN
32%
HLangues et cultures de l'AntiquitéH
29%
LSESL
27%
PAutreP
22%

Distribution des résultats

Percentile par nombre de réponses

% des personnes avec chaque résultat

Votre développement - résultats

Vous n’avez pas pris ce quiz